Komplex nevelés és a tanulócsoportok patronálása főiskoláinkon
Elmentve itt :
| Szerző: | |
|---|---|
| Dokumentumtípus: | Disszertáció |
| Megjelent: |
1976
|
| mtmt: | Not available |
| Online Access: | http://publicatio.bibl.u-szeged.hu/19399 |
| LEADER | 00573nta a2200169 i 4500 | ||
|---|---|---|---|
| 001 | publ19399 | ||
| 005 | 20200901131527.0 | ||
| 008 | 200901s1976 hu om 0|| zxx d | ||
| 024 | 7 | |a Not available |2 mtmt | |
| 040 | |a SZTE Publicatio Repozitórium |b hun | ||
| 041 | |a zxx | ||
| 100 | 1 | |a Bársony Jenő | |
| 245 | 1 | 0 | |a Komplex nevelés és a tanulócsoportok patronálása főiskoláinkon |h [elektronikus dokumentum] / |c Bársony Jenő |
| 260 | |c 1976 | ||
| 300 | |a 362 | ||
| 502 | |a Disszertacio | ||
| 856 | 4 | 0 | |u http://publicatio.bibl.u-szeged.hu/19399/1/1976_barsony_jeno.pdf |z Dokumentum-elérés |